Score 0/16 Timer 04:00
1 Play Today
Hint Answer % Correct
Ang LeeMountain
97.1%
Ang LeeLife
96.1%
Stanley KubrickMetal
94.2%
Ang LeeTiger
93.7%
Stanley KubrickShut
92.9%
Stanley KubrickClockwork
91.7%
Peter JacksonTwo
88.2%
Ang LeeSensibility
85.3%
Hint Answer % Correct
George LucasAttack
78.3%
Peter JacksonSmaug
71.5%
George LucasHope
70.9%
Peter JacksonKong
68.8%
George LucasGraffiti
54.3%
Peter JacksonCreatures
33.4%
Stanley KubrickPaths
22.3%
George Lucas1138
20.2%

Today's Daily Dose

Remove Ads.
Support Sporcle.
Get the best of Sporcle when you Go Orange. This ad-free experience offers more features, more stats, and more fun while also helping to support Sporcle. Thank you for becoming a member.

You're not logged in!

Compare scores with friends on all Sporcle quizzes.
OR
Log In

Show Comments

Extras

Top Quizzes Today


Score Distribution

Your Account Isn't Verified!

In order to create a playlist on Sporcle, you need to verify the email address you used during registration. Go to your Sporcle Settings to finish the process.

Report this User

Report this user for behavior that violates our Community Guidelines.

Details: